<?xml version="1.0" encoding="UTF-8"?>
<record
    xmlns:xsi="http://www.w3.org/2001/XMLSchema-instance"
    xsi:schemaLocation="http://www.loc.gov/MARC21/slim http://www.loc.gov/standards/marcxml/schema/MARC21slim.xsd"
    xmlns="http://www.loc.gov/MARC21/slim">

  <leader>01586nam a2200373 u 4500</leader>
  <controlfield tag="001">592752</controlfield>
  <controlfield tag="005">20260506084524.0</controlfield>
  <controlfield tag="008">000505s1999                        spa  </controlfield>
  <datafield tag="020" ind1=" " ind2=" ">
    <subfield code="a">0137261675</subfield>
  </datafield>
  <datafield tag="035" ind1=" " ind2=" ">
    <subfield code="a">592752</subfield>
  </datafield>
  <datafield tag="035" ind1=" " ind2=" ">
    <subfield code="a">(OCoLC)43320353</subfield>
  </datafield>
  <datafield tag="040" ind1=" " ind2=" ">
    <subfield code="c">comduadb</subfield>
  </datafield>
  <datafield tag="041" ind1=" " ind2=" ">
    <subfield code="a">spa</subfield>
  </datafield>
  <datafield tag="082" ind1=" " ind2="4">
    <subfield code="a">621</subfield>
  </datafield>
  <datafield tag="100" ind1="1" ind2="0">
    <subfield code="a">Spotts, M. F.</subfield>
    <subfield code="4">aut</subfield>
    <subfield code="e">aut</subfield>
    <subfield code="9">304464</subfield>
  </datafield>
  <datafield tag="245" ind1="1" ind2="0">
    <subfield code="a">Elementos de m&#xE1;quinas</subfield>
  </datafield>
  <datafield tag="250" ind1=" " ind2=" ">
    <subfield code="a">7. edici&#xF3;n</subfield>
  </datafield>
  <datafield tag="260" ind1=" " ind2=" ">
    <subfield code="a">M&#xE9;xico :</subfield>
    <subfield code="b">Prentice Hall,</subfield>
    <subfield code="c">1999.</subfield>
  </datafield>
  <datafield tag="300" ind1=" " ind2=" ">
    <subfield code="a">829 p&#xE1;ginas +</subfield>
    <subfield code="e">1 CD-ROM.</subfield>
  </datafield>
  <datafield tag="505" ind1=" " ind2=" ">
    <subfield code="a">CONTENIDO : Prefacio. -- Introducci&#xF3;n. -- 1: Principios fundamentales. -- 2: Esfuerzos de trabajo y teor&#xED;as de falla. -- 3: Dise&#xF1;o de ejes. -- 4: Resortes. -- 5: Tornillos. -- 6: Bandas, embragues, frenos y cadenas. -- 7: Conexiones soldadas y remachadas. -- 8: Lubricaci&#xF3;n. -- 9: Cojines de bolas y de rodillos. -- 10: Engranes cil&#xED;ndricos. -- 11: Engranes helicoidales, c&#xF3;nicos y de tornillo sin fin. -- 12: Diversos elementos de m&#xE1;quinas. -- 13: Principios de s&#xED;ntesis de forma. -- 14: Materiales de ingenier&#xED;a. -- Ap&#xE9;ndice. -- &#xCD;ndice.</subfield>
  </datafield>
  <datafield tag="505" ind1="8" ind2="0">
    <subfield code="t">Elementos de maquinas</subfield>
  </datafield>
  <datafield tag="650" ind1=" " ind2="7">
    <subfield code="a">Dise&#xF1;o de m&#xE1;quinas</subfield>
    <subfield code="2">lemb</subfield>
    <subfield code="9">28207</subfield>
  </datafield>
  <datafield tag="650" ind1=" " ind2=" ">
    <subfield code="a">M&#xE1;quinas</subfield>
    <subfield code="9">60212</subfield>
  </datafield>
  <datafield tag="650" ind1=" " ind2=" ">
    <subfield code="a">Tornillos</subfield>
    <subfield code="9">30405</subfield>
  </datafield>
  <datafield tag="650" ind1=" " ind2=" ">
    <subfield code="a">Muelles (mec&#xE1;nica)</subfield>
    <subfield code="9">58000</subfield>
  </datafield>
  <datafield tag="650" ind1=" " ind2=" ">
    <subfield code="a">Sistemas de lubricaci&#xF3;n</subfield>
    <subfield code="9">27235</subfield>
  </datafield>
  <datafield tag="650" ind1=" " ind2=" ">
    <subfield code="a">Embragues</subfield>
    <subfield code="9">58001</subfield>
  </datafield>
  <datafield tag="650" ind1=" " ind2=" ">
    <subfield code="a">Cojinetes de bolas</subfield>
    <subfield code="9">23183</subfield>
  </datafield>
  <datafield tag="650" ind1=" " ind2=" ">
    <subfield code="a">Cojinetes de rodillos</subfield>
    <subfield code="9">23184</subfield>
  </datafield>
  <datafield tag="650" ind1=" " ind2="7">
    <subfield code="a">Materiales</subfield>
    <subfield code="2">armarc</subfield>
    <subfield code="9">32526</subfield>
  </datafield>
  <datafield tag="650" ind1=" " ind2=" ">
    <subfield code="a">Frenos</subfield>
    <subfield code="9">35983</subfield>
  </datafield>
  <datafield tag="700" ind1="1" ind2="0">
    <subfield code="a">Shoup, T. E.</subfield>
    <subfield code="4">aut</subfield>
    <subfield code="e">aut</subfield>
    <subfield code="9">304465</subfield>
  </datafield>
  <datafield tag="942" ind1=" " ind2=" ">
    <subfield code="c">BOOK</subfield>
  </datafield>
  <datafield tag="999" ind1=" " ind2=" ">
    <subfield code="c">155293</subfield>
    <subfield code="d">155293</subfield>
  </datafield>
  <datafield tag="952" ind1=" " ind2=" ">
    <subfield code="0">0</subfield>
    <subfield code="1">0</subfield>
    <subfield code="4">0</subfield>
    <subfield code="7">0</subfield>
    <subfield code="8">GEN</subfield>
    <subfield code="a">BC</subfield>
    <subfield code="b">BC</subfield>
    <subfield code="d">2000-05-05</subfield>
    <subfield code="i">C631872</subfield>
    <subfield code="l">0</subfield>
    <subfield code="o">621.81 S765</subfield>
    <subfield code="p">61000003820897</subfield>
    <subfield code="r">2023-11-22 00:00:00</subfield>
    <subfield code="t">1</subfield>
    <subfield code="w">2023-04-22</subfield>
    <subfield code="y">BOOK</subfield>
  </datafield>
</record>
